000 00999nas a2200325 4500
001 BR6008858
003 BR-BrBNA
005 20231205082124.0
007 ta
008 230509b bl.|||p| |||| 00| 00por d
040 _aBR-BrBNA
_bpor
_cBiblioteca Nacional de Agricultura
041 _a(Pt)
072 _aF25; F60
100 1 _aNovais, R.F. de
100 1 _aMenezes Sobrinho, J.A. de
100 1 _aSantos, H.L. dos
100 1 _aSans, L.M.A.
245 1 _aEfeito da adubacao nitrogenada e da cobertura morta sobre os teores de N, P. Ka, Ca e Mg nas folhas de tres cultivares de alho
650 _aFERTILIZANTE NITROGENADO
650 _aFISIOLOGIA VEGETAL
650 _aALHO
650 _aCOBERTURA MORTA
650 _aNUTRICAO VEGETAL
650 _aANALISE FOLIAR
650 _aVARIEDADE
650 _aNPK
773 0 _tRevista Ceres (Brazil)
_xISSN 0034-737X
_g(Mar 1974), v. 21(114) p. 125-141
_wBR6008858
909 _a202311
_bLúcia
_c55
_dLúcia Elande
942 _2AGRIS
_n0
_cANA
999 _c89297
_d89297